The classical language of architecture (Record no. 352162)

000 -LEADER
fixed length control field 00832 a2200253 4500
003 - CONTROL NUMBER IDENTIFIER
control field OSt
005 - DATE AND TIME OF LATEST TRANSACTION
control field 20180116192325.0
008 - FIXED-LENGTH DATA ELEMENTS--GENERAL INFORMATION
fixed length control field 120213t xxu||||| |||| 00| 0 eng d
010 ## - LIBRARY OF CONGRESS CONTROL NUMBER
LC control number 66024572
020 ## - INTERNATIONAL STANDARD BOOK NUMBER
International Standard Book Number 9780262690126
020 ## - INTERNATIONAL STANDARD BOOK NUMBER
International Standard Book Number 0262690128
040 ## - CATALOGING SOURCE
Transcribing agency 0
082 00 - DEWEY DECIMAL CLASSIFICATION NUMBER
Classification number 721
100 1# - MAIN ENTRY--PERSONAL NAME
Personal name Summerson, John,
245 14 - TITLE STATEMENT
Title The classical language of architecture
Statement of responsibility, etc. by John Summerson.
260 ## - PUBLICATION, DISTRIBUTION, ETC.
Place of publication, distribution, etc. Cambridge,
Name of publisher, distributor, etc. M.I.T. Press
Date of publication, distribution, etc. c.1963
300 ## - PHYSICAL DESCRIPTION
Extent 56 p.
Other physical details 63 numbered illus.
Dimensions 19 x 24 cm.
500 ## - GENERAL NOTE
General note "Scripts of six talks, written for the B.B.C. and delivered in May-July 1963."
650 #0 - SUBJECT ADDED ENTRY--TOPICAL TERM
Topical term or geographic name entry element Architecture
General subdivision Terminology.
650 #0 - SUBJECT ADDED ENTRY--TOPICAL TERM
Topical term or geographic name entry element Architecture
General subdivision Details.
710 2# - ADDED ENTRY--CORPORATE NAME
Corporate name or jurisdiction name as entry element British Broadcasting Corporation.
942 ## - ADDED ENTRY ELEMENTS (KOHA)
Institution code [OBSOLETE] SADA
Koha item type Book
Call number prefix 721 SUM 1963
Source of classification or shelving scheme
Holdings
Withdrawn status Lost status Source of classification or shelving scheme Damaged status Not for loan Permanent Location Current Location Date acquired Total Checkouts Full call number Barcode Date last seen Cost, replacement price Price effective from Koha item type
          School of Art Design and Architecture (SADA) School of Art Design and Architecture (SADA) 09/17/2010   721 SUM 1963 SADA0000129 08/05/2011 1536.00 08/05/2011 Book
© 2023 Central Library, National University of Sciences and Technology. All Rights Reserved.